Formulari català de documents notarials i equivalències mètriques de monedes, pesos i mesures / J. Comes Sorribes ... , pròleg de F. Maspons i Anglasell
Descripción Física:
80 p. ; 19 cm
Colección:
Formularis i vocabularis de professions ; 1
Otros Autores:
Maspons i Anglasell, F. (Francesc), 1872-1966
Materias:
Documents jurídics -- Formularis
MARC
| LEADER | 00000nam a2200000Ia 4500 | ||
|---|---|---|---|
| 001 | 11573 | ||
| 008 | 160829s1932 xx 000 0 cat d | ||
| 080 | |a A-2-59 | ||
| 100 | |a Comes i Sorribes, J. |9 34565 | ||
| 245 | |a Formulari català de documents notarials i equivalències mètriques de monedes, pesos i mesures / J. Comes Sorribes ... , pròleg de F. Maspons i Anglasell | ||
| 260 | |a Barcelona : |b Barcino, |c 1932 | ||
| 300 | |a 80 p. ; |c 19 cm | ||
| 490 | |a Formularis i vocabularis de professions ; 1 | ||
| 650 | |a Documents jurídics |x Formularis |9 34566 | ||
| 700 | |a Maspons i Anglasell, F. |q (Francesc), |d 1872-1966 |9 28415 |4 pròleg | ||
| 901 | |a Arxiu | ||
| 942 | |n 1 |2 udc | ||
| 952 | |0 0 |1 0 |4 0 |6 A259 |7 1 |9 46567 |a Arxiu |b Arxiu |d 2016-12-01 |l 0 |o A-2-59 |p 11573 |r 2016-12-01 00:00:00 |w 2016-12-01 |y ARXIU | ||
| 999 | |c 50360 |d 50360 | ||